| 000 | 00739cam a2200181 4500 | ||
|---|---|---|---|
| 001 | WS110371 | ||
| 008 | 000000n 000 0 eng u | ||
| 035 | _a(Sirsi) u110371 | ||
| 110 |
_aAssociation of Building Engineers _91804 |
||
| 245 | _aAssociation of Building Engineers | ||
| 520 | _aSite for this professional body for those specialising in the technology pf building. Includes details of seminars and conferences, details of their journal 'Building Engineer' and book reviews. | ||
| 650 | _aBUILT ENVIRONMENT-BUILDING INSPECTION | ||
| 650 | _aBUILDING ENGINEERS | ||
| 650 | _aORGANISATION | ||
| 690 | _aBUILT ENVIRONMENT | ||
| 856 | 4 | 0 |
_uhttps://www.abe.org.uk _zView the website free of charge at www.abe.org.uk... |
| 942 | _n0 | ||
| 999 |
_c119752 _d119752 |
||